[Event "DEM U14 2023"]
[Site "Willingen GER"]
[Date "2023.05.29"]
[Round "3"]
[White "Navarro Jahnke, Leo"]
[Black "Haug, Havard"]
[Result "0-1"]
[Termination "normal"]
[Board "1"]
[BlackTitle "CM"]
[WhiteElo "1954"]
[BlackElo "2202"]
[WhiteClock "00:28:09"]
[BlackClock "00:43:06"]
[PlyCount "58"]
[WhiteFideId "16234146"]
[BlackFideId "1547887"]
[EventCountry "GER"]
[EventRounds "9"]
[EventType "swiss"]
[EventDate "2023.05.27"]

1. d4 {[%clk 01:30:57]} {[%emt 00:00:02]} d5 {[%clk 01:30:54]} {[%emt
00:00:03]} 2. c4 {[%clk 01:31:22]} {[%emt 00:00:08]} e6 {[%clk 01:31:20]}
{[%emt 00:00:06]} 3. Nf3 {[%clk 01:31:46]} {[%emt 00:00:04]} Nf6 {[%clk
01:31:44]} {[%emt 00:00:06]} 4. e3 {[%clk 01:32:09]} {[%emt 00:00:08]} dxc4
{[%clk 01:31:47]} {[%emt 00:00:28]} 5. Bxc4 {[%clk 01:32:34]} {[%emt 00:00:03]}
a6 {[%clk 01:32:11]} {[%emt 00:00:07]} 6. O-O {[%clk 01:32:29]} {[%emt
00:00:34]} b5 {[%clk 01:31:17]} {[%emt 00:01:25]} 7. Bb3 {[%clk 01:30:58]}
{[%emt 00:02:01]} Bb7 {[%clk 01:31:08]} {[%emt 00:00:39]} 8. Qe2 {[%clk
01:29:29]} {[%emt 00:01:57]} c5 {[%clk 01:29:45]} {[%emt 00:01:55]} 9. Nc3
{[%clk 01:23:40]} {[%emt 00:06:18]} c4 {[%clk 01:23:05]} {[%emt 00:07:11]} 10.
Bc2 {[%clk 01:23:28]} {[%emt 00:00:42]} Nc6 {[%clk 01:22:56]} {[%emt 00:00:39]}
11. Rd1 {[%clk 01:21:12]} {[%emt 00:02:43]} Be7 {[%clk 01:21:22]} {[%emt
00:02:06]} 12. e4 {[%clk 01:17:11]} {[%emt 00:04:31]} O-O {[%clk 01:17:19]}
{[%emt 00:04:33]} 13. d5 {[%clk 01:15:02]} {[%emt 00:02:39]} exd5 {[%clk
01:14:04]} {[%emt 00:03:46]} 14. e5 {[%clk 01:12:38]} {[%emt 00:02:54]} d4
{[%clk 01:07:47]} {[%emt 00:06:48]} 15. exf6 {[%clk 01:06:34]} {[%emt
00:06:32]} Bxf6 {[%clk 01:07:59]} {[%emt 00:00:19]} 16. Be4 {[%clk 01:00:24]}
{[%emt 00:06:40]} Re8 {[%clk 01:02:25]} {[%emt 00:06:03]} 17. Qf1 {[%clk
01:00:10]} {[%emt 00:00:44]} Qc8 {[%clk 00:56:33]} {[%emt 00:06:23]} 18. Bxc6
{[%clk 00:55:18]} {[%emt 00:05:21]} Qxc6 {[%clk 00:54:15]} {[%emt 00:02:49]}
19. Ne2 {[%clk 00:55:35]} {[%emt 00:00:12]} d3 {[%clk 00:54:18]} {[%emt
00:00:28]} 20. Ned4 {[%clk 00:55:46]} {[%emt 00:00:18]} Qd7 {[%clk 00:51:28]}
{[%emt 00:03:20]} 21. Nc2 {[%clk 00:41:54]} {[%emt 00:14:22]} Bxf3 {[%clk
00:48:34]} {[%emt 00:03:25]} 22. gxf3 {[%clk 00:42:14]} {[%emt 00:00:10]} Qf5
{[%clk 00:47:37]} {[%emt 00:01:27]} 23. Ne1 {[%clk 00:42:06]} {[%emt 00:00:36]}
Rad8 {[%clk 00:46:39]} {[%emt 00:01:30]} 24. a4 {[%clk 00:28:13]} {[%emt
00:14:23]} d2 {[%clk 00:41:53]} {[%emt 00:05:17]} 25. Rxd2 {[%clk 00:27:28]}
{[%emt 00:01:14]} Qg5+ {[%clk 00:42:17]} {[%emt 00:00:06]} 26. Ng2 {[%clk
00:27:49]} {[%emt 00:00:08]} Rxd2 {[%clk 00:42:43]} {[%emt 00:00:05]} 27. f4
{[%clk 00:28:10]} {[%emt 00:00:08]} Qd5 {[%clk 00:43:09]} {[%emt 00:00:04]} 28.
Ne3 {[%clk 00:27:40]} {[%emt 00:00:59]} Rxe3 {[%clk 00:42:44]} {[%emt
00:00:57]} 29. fxe3 {[%clk 00:28:09]} Rd1 {[%clk 00:43:06]} {[%emt 00:00:08]}
0-1

[Event "DEM U14 2023"]
[Site "Willingen GER"]
[Date "2023.05.29"]
[Round "3"]
[White "Nechitaylo, Nikita"]
[Black "Schuricht, Emil Frederick"]
[Result "1/2-1/2"]
[Termination "normal"]
[Board "2"]
[WhiteElo "2144"]
[BlackElo "1888"]
[WhiteClock "00:33:30"]
[BlackClock "00:47:12"]
[PlyCount "133"]
[WhiteFideId "34138161"]
[BlackFideId "16270185"]
[EventCountry "GER"]
[EventRounds "9"]
[EventType "swiss"]
[EventDate "2023.05.27"]

1. d4 {[%clk 01:30:56]} {[%emt 00:00:04]} d5 {[%clk 01:30:55]} {[%emt
00:00:06]} 2. c4 {[%clk 01:31:21]} {[%emt 00:00:06]} c6 {[%clk 01:31:20]}
{[%emt 00:00:04]} 3. cxd5 {[%clk 01:31:47]} {[%emt 00:00:04]} cxd5 {[%clk
01:31:38]} {[%emt 00:00:11]} 4. Bf4 {[%clk 01:32:09]} {[%emt 00:00:08]} Nc6
{[%clk 01:31:50]} {[%emt 00:00:19]} 5. e3 {[%clk 01:32:32]} {[%emt 00:00:07]}
Nf6 {[%clk 01:32:13]} {[%emt 00:00:07]} 6. Nc3 {[%clk 01:32:56]} {[%emt
00:00:06]} Bf5 {[%clk 01:32:03]} {[%emt 00:00:40]} 7. Qb3 {[%clk 01:33:19]}
{[%emt 00:00:07]} Na5 {[%clk 01:32:10]} {[%emt 00:00:23]} 8. Qa4+ {[%clk
01:33:44]} {[%emt 00:00:06]} Bd7 {[%clk 01:32:34]} {[%emt 00:00:06]} 9. Qc2
{[%clk 01:34:07]} {[%emt 00:00:07]} e6 {[%clk 01:32:36]} {[%emt 00:00:27]} 10.
Nf3 {[%clk 01:34:07]} {[%emt 00:00:29]} Rc8 {[%clk 01:31:44]} {[%emt 00:01:22]}
11. Bd3 {[%clk 01:34:28]} {[%emt 00:00:09]} Bb4 {[%clk 01:28:25]} {[%emt
00:03:49]} 12. O-O {[%clk 01:34:39]} {[%emt 00:00:19]} O-O {[%clk 01:27:56]}
{[%emt 00:00:59]} 13. Bg5 {[%clk 01:32:39]} {[%emt 00:02:30]} h6 {[%clk
01:27:41]} {[%emt 00:00:45]} 14. Bh4 {[%clk 01:33:03]} {[%emt 00:00:07]} Nc4
{[%clk 01:22:47]} {[%emt 00:05:24]} 15. Rfc1 {[%clk 01:25:36]} {[%emt
00:07:57]} Qa5 {[%clk 01:19:03]} {[%emt 00:04:13]} 16. Bxc4 {[%clk 00:48:54]}
{[%emt 00:37:13]} Rxc4 {[%clk 01:18:57]} {[%emt 00:00:35]} 17. Ne5 {[%clk
00:49:18]} {[%emt 00:00:07]} Rc7 {[%clk 01:14:46]} {[%emt 00:04:41]} 18. Qe2
{[%clk 00:42:54]} {[%emt 00:06:54]} Bxc3 {[%clk 01:02:56]} {[%emt 00:12:20]}
19. Bxf6 {[%clk 00:31:03]} {[%emt 00:12:21]} gxf6 {[%clk 01:01:51]} {[%emt
00:01:36]} 20. Nxd7 {[%clk 00:30:53]} {[%emt 00:00:40]} Rxd7 {[%clk 01:01:28]}
{[%emt 00:00:52]} 21. Rxc3 {[%clk 00:29:46]} {[%emt 00:01:36]} Rc7 {[%clk
01:01:36]} {[%emt 00:00:23]} 22. b4 {[%clk 00:29:40]} {[%emt 00:00:36]} Qb6
{[%clk 01:01:34]} {[%emt 00:00:32]} 23. Rc5 {[%clk 00:30:00]} {[%emt 00:00:10]}
Qd6 {[%clk 00:57:56]} {[%emt 00:04:07]} 24. Rac1 {[%clk 00:29:23]} {[%emt
00:01:07]} Rfc8 {[%clk 00:58:08]} {[%emt 00:00:18]} 25. Qg4+ {[%clk 00:20:53]}
{[%emt 00:09:00]} Kh7 {[%clk 00:53:38]} {[%emt 00:05:01]} 26. Qf4 {[%clk
00:17:56]} {[%emt 00:03:26]} Qxf4 {[%clk 00:53:57]} {[%emt 00:00:11]} 27. exf4
{[%clk 00:18:25]} {[%emt 00:00:02]} Rxc5 {[%clk 00:53:40]} {[%emt 00:00:47]}
28. Rxc5 {[%clk 00:18:33]} {[%emt 00:00:21]} Rc6 {[%clk 00:51:00]} {[%emt
00:03:11]} 29. a4 {[%clk 00:13:00]} {[%emt 00:06:03]} Kg6 {[%clk 00:48:38]}
{[%emt 00:02:51]} 30. b5 {[%clk 00:12:56]} {[%emt 00:00:35]} Rd6 {[%clk
00:47:05]} {[%emt 00:02:02]} 31. a5 {[%clk 00:11:46]} {[%emt 00:01:40]} Rd7
{[%clk 00:46:00]} {[%emt 00:01:36]} 32. g4 {[%clk 00:04:51]} {[%emt 00:07:25]}
f5 {[%clk 00:44:30]} {[%emt 00:02:00]} 33. f3 {[%clk 00:04:52]} {[%emt
00:00:29]} fxg4 {[%clk 00:44:29]} {[%emt 00:00:31]} 34. fxg4 {[%clk 00:05:15]}
{[%emt 00:00:06]} f5 {[%clk 00:44:12]} {[%emt 00:00:47]} 35. h3 {[%clk
00:05:29]} {[%emt 00:00:16]} fxg4 {[%clk 00:44:23]} {[%emt 00:00:20]} 36. hxg4
{[%clk 00:05:53]} {[%emt 00:00:05]} Rf7 {[%clk 00:32:48]} {[%emt 00:12:05]} 37.
f5+ {[%clk 00:06:04]} {[%emt 00:00:20]} exf5 {[%clk 00:33:12]} {[%emt
00:00:06]} 38. gxf5+ {[%clk 00:06:27]} {[%emt 00:00:06]} Rxf5 {[%clk 00:30:52]}
{[%emt 00:02:51]} 39. Rc7 {[%clk 00:05:25]} {[%emt 00:01:32]} Rf7 {[%clk
00:30:55]} {[%emt 00:00:26]} 40. b6 {[%clk 00:03:54]} {[%emt 00:02:02]} axb6
{[%clk 00:30:53]} {[%emt 00:00:33]} 41. axb6 {[%clk 00:04:12]} {[%emt
00:00:11]} Kf6 {[%clk 00:30:45]} {[%emt 00:00:38]} 42. Kg2 {[%clk 00:03:58]}
{[%emt 00:00:43]} Ke6 {[%clk 00:31:01]} {[%emt 00:00:15]} 43. Rc8 {[%clk
00:04:22]} {[%emt 00:00:06]} Rd7 {[%clk 00:28:45]} {[%emt 00:02:45]} 44. Rh8
{[%clk 00:04:24]} {[%emt 00:00:28]} Rd6 {[%clk 00:29:07]} {[%emt 00:00:09]} 45.
Rxh6+ {[%clk 00:04:47]} {[%emt 00:00:07]} Kd7 {[%clk 00:29:31]} {[%emt
00:00:06]} 46. Rh5 {[%clk 00:29:51]} {[%emt 00:05:25]} Kc6 {[%clk 00:59:29]}
{[%emt 00:00:33]} 47. Kf3 {[%clk 00:29:59]} {[%emt 00:00:19]} Kxb6 {[%clk
00:59:38]} {[%emt 00:00:25]} 48. Kf4 {[%clk 00:30:20]} {[%emt 00:00:08]} Rd8
{[%clk 00:54:19]} {[%emt 00:05:49]} 49. Ke5 {[%clk 00:30:21]} {[%emt 00:00:29]}
Ka5 {[%clk 00:53:41]} {[%emt 00:01:08]} 50. Rh1 {[%clk 00:30:35]} {[%emt
00:00:15]} b5 {[%clk 00:47:12]} {[%emt 00:07:00]} 51. Ra1+ {[%clk 00:30:56]}
{[%emt 00:00:08]} Kb4 {[%clk 00:47:37]} {[%emt 00:00:05]} 52. Rb1+ {[%clk
00:31:21]} {[%emt 00:00:06]} Kc4 {[%clk 00:48:03]} {[%emt 00:00:04]} 53. Rc1+
{[%clk 00:31:43]} {[%emt 00:00:08]} Kd3 {[%clk 00:48:19]} {[%emt 00:00:13]} 54.
Rb1 {[%clk 00:31:22]} {[%emt 00:00:51]} Kc4 {[%clk 00:47:27]} {[%emt 00:01:22]}
55. Rc1+ {[%clk 00:31:46]} {[%emt 00:00:07]} Kd3 {[%clk 00:47:54]} {[%emt
00:00:03]} 56. Rb1 {[%clk 00:32:09]} {[%emt 00:00:07]} Rb8 {[%clk 00:48:07]}
{[%emt 00:00:17]} 57. Kxd5 {[%clk 00:32:09]} {[%emt 00:00:30]} b4 {[%clk
00:48:22]} {[%emt 00:00:15]} 58. Kc5 {[%clk 00:32:22]} {[%emt 00:00:16]} b3
{[%clk 00:46:38]} {[%emt 00:02:15]} 59. d5 {[%clk 00:31:56]} {[%emt 00:00:56]}
Kc2 {[%clk 00:46:24]} {[%emt 00:00:45]} 60. Rh1 {[%clk 00:32:10]} {[%emt
00:00:15]} b2 {[%clk 00:46:42]} {[%emt 00:00:13]} 61. d6 {[%clk 00:32:12]}
{[%emt 00:00:25]} Kd3 {[%clk 00:45:07]} {[%emt 00:02:07]} 62. d7 {[%clk
00:31:58]} {[%emt 00:00:42]} Kc2 {[%clk 00:45:35]} {[%emt 00:00:04]} 63. Kc6
{[%clk 00:32:11]} {[%emt 00:00:16]} b1=Q {[%clk 00:46:02]} {[%emt 00:00:04]}
64. Rxb1 {[%clk 00:32:24]} {[%emt 00:00:17]} Kxb1 {[%clk 00:46:30]} {[%emt
00:00:02]} 65. Kc7 {[%clk 00:32:44]} {[%emt 00:00:10]} Rh8 {[%clk 00:46:57]}
{[%emt 00:00:02]} 66. d8=R {[%clk 00:33:01]} {[%emt 00:00:13]} Rxd8 {[%clk
00:47:12]} {[%emt 00:00:15]} 67. Kxd8 {[%clk 00:33:30]} {[%emt 00:00:02]}
1/2-1/2

[Event "DEM U14 2023"]
[Site "Willingen GER"]
[Date "2023.05.29"]
[Round "3"]
[White "Sommer, Justus"]
[Black "Wunderlich, Elias"]
[Result "0-1"]
[Termination "normal"]
[Board "3"]
[WhiteElo "2047"]
[BlackElo "1815"]
[WhiteClock "00:31:14"]
[BlackClock "00:24:57"]
[PlyCount "134"]
[WhiteFideId "16245008"]
[BlackFideId "34608087"]
[EventCountry "GER"]
[EventRounds "9"]
[EventType "swiss"]
[EventDate "2023.05.27"]

1. e4 {[%clk 01:30:53]} {[%emt 00:00:06]} c6 {[%clk 01:30:56]} {[%emt
00:00:06]} 2. d4 {[%clk 01:31:13]} {[%emt 00:00:08]} d5 {[%clk 01:31:22]}
{[%emt 00:00:06]} 3. exd5 {[%clk 01:31:10]} {[%emt 00:00:32]} cxd5 {[%clk
01:31:44]} {[%emt 00:00:08]} 4. c4 {[%clk 01:31:13]} {[%emt 00:00:25]} Nf6
{[%clk 01:32:10]} {[%emt 00:00:06]} 5. Nc3 {[%clk 01:31:16]} {[%emt 00:00:27]}
e6 {[%clk 01:32:34]} {[%emt 00:00:07]} 6. Nf3 {[%clk 01:30:22]} {[%emt
00:01:23]} Be7 {[%clk 01:32:47]} {[%emt 00:00:18]} 7. Bg5 {[%clk 01:28:01]}
{[%emt 00:02:49]} h6 {[%clk 01:32:36]} {[%emt 00:00:42]} 8. Bh4 {[%clk
01:27:34]} {[%emt 00:00:57]} O-O {[%clk 01:32:47]} {[%emt 00:00:20]} 9. a3
{[%clk 01:25:49]} {[%emt 00:02:14]} b6 {[%clk 01:26:39]} {[%emt 00:06:38]} 10.
cxd5 {[%clk 01:12:41]} {[%emt 00:13:38]} Nxd5 {[%clk 01:26:46]} {[%emt
00:00:24]} 11. Bxe7 {[%clk 01:12:53]} {[%emt 00:00:17]} Nxe7 {[%clk 01:26:25]}
{[%emt 00:00:51]} 12. Bc4 {[%clk 01:10:07]} {[%emt 00:03:15]} Bb7 {[%clk
01:25:33]} {[%emt 00:01:23]} 13. O-O {[%clk 01:08:20]} {[%emt 00:02:15]} Na6
{[%clk 01:08:28]} {[%emt 00:17:36]} 14. Ne5 {[%clk 01:04:47]} {[%emt 00:04:04]}
Nc7 {[%clk 01:08:32]} {[%emt 00:00:27]} 15. Qd3 {[%clk 01:02:35]} {[%emt
00:02:41]} Nf5 {[%clk 01:03:41]} {[%emt 00:05:21]} 16. Rad1 {[%clk 00:59:34]}
{[%emt 00:03:30]} Qg5 {[%clk 00:54:35]} {[%emt 00:09:36]} 17. Ne4 {[%clk
00:56:20]} {[%emt 00:03:44]} Qh4 {[%clk 00:51:11]} {[%emt 00:03:55]} 18. Rfe1
{[%clk 00:51:10]} {[%emt 00:05:39]} Rad8 {[%clk 00:50:24]} {[%emt 00:01:18]}
19. Nf3 {[%clk 00:47:47]} {[%emt 00:03:52]} Qe7 {[%clk 00:48:47]} {[%emt
00:02:08]} 20. Ba2 {[%clk 00:34:29]} {[%emt 00:13:48]} Nd5 {[%clk 00:40:46]}
{[%emt 00:08:32]} 21. Bb1 {[%clk 00:29:40]} {[%emt 00:05:18]} g6 {[%clk
00:37:00]} {[%emt 00:04:17]} 22. Ng3 {[%clk 00:26:32]} {[%emt 00:03:37]} Ng7
{[%clk 00:33:21]} {[%emt 00:04:08]} 23. Qd2 {[%clk 00:25:32]} {[%emt 00:01:30]}
Kh7 {[%clk 00:23:53]} {[%emt 00:09:59]} 24. h4 {[%clk 00:21:26]} {[%emt
00:04:35]} f5 {[%clk 00:18:22]} {[%emt 00:06:02]} 25. Re5 {[%clk 00:15:22]}
{[%emt 00:06:34]} Qf6 {[%clk 00:17:01]} {[%emt 00:01:52]} 26. Rde1 {[%clk
00:14:52]} {[%emt 00:00:59]} Rd6 {[%clk 00:16:13]} {[%emt 00:01:18]} 27. Ba2
{[%clk 00:09:57]} {[%emt 00:05:25]} Rfd8 {[%clk 00:16:18]} {[%emt 00:00:25]}
28. Qc2 {[%clk 00:06:21]} {[%emt 00:04:07]} Ne7 {[%clk 00:14:50]} {[%emt
00:01:57]} 29. d5 {[%clk 00:04:47]} {[%emt 00:02:04]} Nxd5 {[%clk 00:13:34]}
{[%emt 00:01:46]} 30. Nd4 {[%clk 00:04:31]} {[%emt 00:00:46]} Nf4 {[%clk
00:12:27]} {[%emt 00:01:37]} 31. Nxe6 {[%clk 00:01:55]} {[%emt 00:03:06]} Nxg2
{[%clk 00:02:10]} {[%emt 00:10:47]} 32. Nxd8 {[%clk 00:01:23]} {[%emt
00:01:02]} Nxe1 {[%clk 00:02:30]} {[%emt 00:00:10]} 33. Rxe1 {[%clk 00:01:42]}
{[%emt 00:00:11]} Rxd8 {[%clk 00:01:18]} {[%emt 00:01:42]} 34. Qc7 {[%clk
00:00:42]} {[%emt 00:01:31]} Qc6 {[%clk 00:01:08]} {[%emt 00:00:39]} 35. Qxc6
{[%clk 00:01:11]} {[%emt 00:00:02]} Bxc6 {[%clk 00:01:31]} {[%emt 00:00:07]}
36. h5 {[%clk 00:00:46]} {[%emt 00:00:55]} gxh5 {[%clk 00:00:51]} {[%emt
00:01:10]} 37. Bb1 {[%clk 00:00:45]} {[%emt 00:00:31]} Kg6 {[%clk 00:00:57]}
{[%emt 00:00:23]} 38. Bxf5+ {[%clk 00:00:41]} {[%emt 00:00:35]} Nxf5 {[%clk
00:00:46]} {[%emt 00:00:40]} 39. Re6+ {[%clk 00:01:06]} {[%emt 00:00:05]} Kg5
{[%clk 00:00:51]} 40. Rxc6 {[%clk 00:01:16]} {[%emt 00:00:46]} Nxg3 {[%clk
00:00:46]} 41. fxg3 {[%clk 00:01:38]} {[%emt 00:00:41]} Rd1+ {[%clk 00:01:03]}
42. Kf2 {[%clk 00:01:21]} {[%emt 00:01:01]} Rd2+ {[%clk 00:01:12]} 43. Kf3
{[%clk 00:01:02]} {[%emt 00:01:10]} Rxb2 {[%clk 00:01:30]} 44. Rc3 {[%clk
00:01:00]} {[%emt 00:00:43]} h4 {[%clk 00:00:31]} 45. gxh4+ {[%clk 00:01:00]}
{[%emt 00:02:01]} Kxh4 {[%clk 00:00:59]} {[%emt 00:00:02]} 46. Rd3 {[%clk
00:01:10]} {[%emt 00:00:19]} h5 {[%clk 00:00:36]} {[%emt 00:00:54]} 47. Rd4+
{[%clk 00:00:55]} {[%emt 00:00:45]} Kg5 {[%clk 00:29:54]} 48. a4 {[%clk
00:30:35]} {[%emt 00:02:01]} Ra2 {[%clk 00:30:12]} 49. Kg3 {[%clk 00:30:24]}
{[%emt 00:00:53]} h4+ {[%clk 00:29:25]} 50. Kh3 {[%clk 00:30:24]} Ra3+ {[%clk
00:29:25]} 51. Kg2 {[%clk 00:30:24]} h3+ {[%clk 00:29:25]} 52. Kh2 {[%clk
00:30:24]} Kf5 {[%clk 00:29:07]} {[%emt 00:04:09]} 53. a5 {[%clk 00:30:24]}
Rxa5 {[%clk 00:28:28]} {[%emt 00:02:06]} 54. Kxh3 {[%clk 00:30:28]} Re5 {[%clk
00:26:59]} {[%emt 00:02:24]} 55. Kg3 {[%clk 00:30:49]} {[%emt 00:00:09]} b5
{[%clk 00:26:32]} {[%emt 00:00:58]} 56. Rd8 {[%clk 00:31:00]} {[%emt 00:00:18]}
a5 {[%clk 00:26:27]} {[%emt 00:00:35]} 57. Ra8 {[%clk 00:31:11]} {[%emt
00:00:18]} a4 {[%clk 00:25:58]} {[%emt 00:01:00]} 58. Kf3 {[%clk 00:31:28]}
{[%emt 00:00:12]} Ke6 {[%clk 00:24:05]} {[%emt 00:02:24]} 59. Kf4 {[%clk
00:31:48]} {[%emt 00:00:11]} Rc5 {[%clk 00:24:25]} {[%emt 00:00:09]} 60. Ke4
{[%clk 00:32:05]} {[%emt 00:00:12]} Rc4+ {[%clk 00:24:43]} {[%emt 00:00:12]}
61. Kd3 {[%clk 00:31:04]} {[%emt 00:01:32]} Kd5 {[%clk 00:24:49]} {[%emt
00:00:24]} 62. Ra7 {[%clk 00:30:31]} {[%emt 00:01:02]} Kc5 {[%clk 00:24:32]}
{[%emt 00:00:48]} 63. Ra8 {[%clk 00:30:46]} {[%emt 00:00:15]} Kb4 {[%emt
00:00:42]} 64. Ra7 a3 {[%clk 00:25:01]} 65. Ra8 {[%clk 00:30:46]} {[%emt
00:00:47]} Kb3 {[%clk 00:25:04]} 66. Ra5 {[%clk 00:31:09]} {[%emt 00:00:34]} b4
{[%clk 00:24:50]} 67. Ra8 {[%clk 00:31:14]} {[%emt 00:01:09]} Rc3 {[%clk
00:24:57]} 0-1

[Event "DEM U14 2023"]
[Site "Willingen GER"]
[Date "2023.05.29"]
[Round "3"]
[White "Ermitsch, Magnus"]
[Black "Klaska, Philipp Leon"]
[Result "1/2-1/2"]
[Termination "normal"]
[Board "4"]
[WhiteTitle "FM"]
[WhiteElo "2275"]
[BlackElo "2026"]
[WhiteClock "00:11:03"]
[BlackClock "00:20:56"]
[PlyCount "50"]
[WhiteFideId "16234464"]
[BlackFideId "16238044"]
[EventCountry "GER"]
[EventRounds "9"]
[EventType "swiss"]
[EventDate "2023.05.27"]

1. e4 {[%clk 01:30:58]} {[%emt 00:00:01]} e6 {[%clk 01:30:42]} {[%emt
00:00:19]} 2. d4 {[%clk 01:31:13]} {[%emt 00:00:14]} d5 {[%clk 01:31:02]}
{[%emt 00:00:11]} 3. Nc3 {[%clk 01:31:38]} {[%emt 00:00:04]} Bb4 {[%clk
01:31:20]} {[%emt 00:00:13]} 4. exd5 {[%clk 01:30:59]} {[%emt 00:01:09]} exd5
{[%clk 01:31:44]} {[%emt 00:00:06]} 5. Bd3 {[%clk 01:31:16]} {[%emt 00:00:12]}
Nc6 {[%clk 01:31:57]} {[%emt 00:00:16]} 6. a3 {[%clk 01:28:15]} {[%emt
00:03:33]} Bxc3+ {[%clk 01:31:57]} {[%emt 00:00:30]} 7. bxc3 {[%clk 01:28:43]}
{[%emt 00:00:01]} Nge7 {[%clk 01:32:09]} {[%emt 00:00:18]} 8. Nf3 {[%clk
01:24:50]} {[%emt 00:04:24]} Bf5 {[%clk 01:29:29]} {[%emt 00:03:07]} 9. O-O
{[%clk 01:24:08]} {[%emt 00:01:13]} Qd7 {[%clk 01:27:26]} {[%emt 00:02:34]} 10.
Re1 {[%clk 01:22:20]} {[%emt 00:02:18]} O-O-O {[%clk 01:21:14]} {[%emt
00:06:42]} 11. a4 {[%clk 01:22:05]} {[%emt 00:00:46]} f6 {[%clk 01:20:09]}
{[%emt 00:01:33]} 12. Ba3 {[%clk 01:16:40]} {[%emt 00:05:56]} Bxd3 {[%clk
01:12:25]} {[%emt 00:08:14]} 13. cxd3 {[%clk 01:12:17]} {[%emt 00:04:52]} Nf5
{[%clk 01:05:21]} {[%emt 00:07:33]} 14. Nd2 {[%clk 01:06:18]} {[%emt 00:06:31]}
Rhe8 {[%clk 00:57:09]} {[%emt 00:08:42]} 15. Rf1 {[%clk 00:58:57]} {[%emt
00:07:51]} Nh4 {[%clk 00:49:43]} {[%emt 00:07:54]} 16. g3 {[%clk 00:56:39]}
{[%emt 00:02:50]} Ng6 {[%clk 00:46:52]} {[%emt 00:03:20]} 17. Nb3 {[%clk
00:55:58]} {[%emt 00:01:12]} Qf5 {[%clk 00:41:32]} {[%emt 00:05:49]} 18. a5
{[%clk 00:46:40]} {[%emt 00:09:50]} b6 {[%clk 00:30:45]} {[%emt 00:11:17]} 19.
axb6 {[%clk 00:44:31]} {[%emt 00:02:39]} axb6 {[%clk 00:30:56]} {[%emt
00:00:18]} 20. h4 {[%clk 00:22:58]} {[%emt 00:22:03]} h5 {[%clk 00:29:07]}
{[%emt 00:02:18]} 21. Kg2 {[%clk 00:15:55]} {[%emt 00:07:33]} Re6 {[%clk
00:26:35]} {[%emt 00:03:01]} 22. Qf3 {[%clk 00:13:58]} {[%emt 00:02:30]} Qxf3+
23. Kxf3 {[%clk 00:14:26]} Rde8 {[%clk 00:26:01]} {[%emt 00:00:44]} 24. Rfd1
{[%clk 00:12:06]} {[%emt 00:02:51]} Nge7 {[%clk 00:20:56]} {[%emt 00:05:32]}
25. Bxe7 {[%clk 00:11:03]} {[%emt 00:01:37]} R6xe7 {[%emt 00:06:38]} 1/2-1/2